<?xml version="1.0" encoding="UTF-8"?>
<record
    xmlns:xsi="http://www.w3.org/2001/XMLSchema-instance"
    xsi:schemaLocation="http://www.loc.gov/MARC21/slim http://www.loc.gov/standards/marcxml/schema/MARC21slim.xsd"
    xmlns="http://www.loc.gov/MARC21/slim">

  <leader>00702naa a22001457i 4500</leader>
  <controlfield tag="001">9349</controlfield>
  <controlfield tag="003">KOSZ 005</controlfield>
  <controlfield tag="005">20180326141157.0</controlfield>
  <controlfield tag="008">180326s2015    pl ||||f |||| 00| 0 eng </controlfield>
  <datafield tag="040" ind1=" " ind2=" ">
    <subfield code="a">KOSZ 005/AR</subfield>
    <subfield code="c">KOSZ 005/AR</subfield>
  </datafield>
  <datafield tag="100" ind1="1" ind2=" ">
    <subfield code="a">GASZTOLD, Brygida.</subfield>
    <subfield code="b">Politechnika Koszali&#x144;ska - Instytut Neofilologii i Komunikacji Spo&#x142;ecznej,</subfield>
    <subfield code="c">Zak&#x142;ad Filologii Angielskiej</subfield>
    <subfield code="d">1993 - .</subfield>
  </datafield>
  <datafield tag="245" ind1="1" ind2="0">
    <subfield code="a">Of promises delivered and failed : </subfield>
    <subfield code="c">Brygida Gasztold.</subfield>
    <subfield code="b">post 9/11 America through the eyes of "The reluctant fundamentalist" by Moshin Hamid /</subfield>
  </datafield>
  <datafield tag="773" ind1="0" ind2=" ">
    <subfield code="i">W :</subfield>
    <subfield code="t">Ad Americam : journal of American Studies. -</subfield>
    <subfield code="d">Krak&#xF3;w : Ksi&#x119;garnia Akademicka Sp. z o. o. -</subfield>
    <subfield code="g">2015, 16, s. 17-28</subfield>
    <subfield code="x">1896-9461 </subfield>
  </datafield>
  <datafield tag="942" ind1=" " ind2=" ">
    <subfield code="2">UKD</subfield>
    <subfield code="c">PO</subfield>
  </datafield>
  <datafield tag="999" ind1=" " ind2=" ">
    <subfield code="c">9349</subfield>
    <subfield code="d">9349</subfield>
  </datafield>
</record>
